BUBT Library Online Catalog

The Arden Research Handbook of Contemporary Shakespeare Criticism/ (Record no. 6844)

000 -LEADER
fixed length control field 00814nam a22002297a 4500
003 - CONTROL NUMBER IDENTIFIER
control field BUBTL
008 - FIXED-LENGTH DATA ELEMENTS--GENERAL INFORMATION
fixed length control field 221130b ||||| |||| 00| 0 eng d
020 ## - INTERNATIONAL STANDARD BOOK NUMBER
International Standard Book Number 9781350093225
082 ## - DEWEY DECIMAL CLASSIFICATION NUMBER
Classification number 822.33/ G1298a/ 2021
100 ## - MAIN ENTRY--PERSONAL NAME
9 (RLIN) 5005
Personal name Gajowski, Evelyn
245 ## - TITLE STATEMENT
Title The Arden Research Handbook of Contemporary Shakespeare Criticism/
Statement of responsibility, etc. Evelyn Gajowski
250 ## - EDITION STATEMENT
Edition statement 1st Edn.
260 ## - PUBLICATION, DISTRIBUTION, ETC. (IMPRINT)
Place of publication, distribution, etc. London:
Name of publisher, distributor, etc. Bloomsbury Publishing Plc,
Date of publication, distribution, etc. c2021
300 ## - PHYSICAL DESCRIPTION
Extent xviii, 368 p.:
Dimensions 25 cm.
440 ## - SERIES STATEMENT/ADDED ENTRY--TITLE
9 (RLIN) 1991
Title The Arden Shakespeare
500 ## - GENERAL NOTE
General note Includes Index
505 ## - FORMATTED CONTENTS NOTE
Formatted contents note The Arden Research Handbook of Contemporary Shakespeare Criticism, Shakespeare, Arden Research Handbook, Evelyn Gajowski, English
650 #0 - SUBJECT ADDED ENTRY--TOPICAL TERM
9 (RLIN) 1994
Topical term or geographic name as entry element English Literature
856 ## - ELECTRONIC LOCATION AND ACCESS
Password 0
Logon 0
Link text Download
942 ## - ADDED ENTRY ELEMENTS (KOHA)
Source of classification or shelving scheme
Koha item type Books
Holdings
Withdrawn status Lost status Source of classification or shelving scheme Damaged status Not for loan Collection code Permanent location Current location Shelving location Date acquired Source of acquisition Inventory number Total Checkouts Full call number Barcode Date last seen Copy number Price effective from Koha item type
        Not For Loan Non-fiction Bangladesh University of Business and Technology Library Bangladesh University of Business and Technology Library English Literature Stacks 11/03/2022 Purchase 28915   822.33/ G1298a/ 2021 BUBTL-200328915 11/30/2022 C-1 11/30/2022 Books

More Information About Library

Library Hours

  • Open: 9.00 am. to 9.00 pm.
  • Only Sunday: 9.00 am. to 6.00 pm.
  • Closed: Holiday

Contact to the University

Bangladesh University of Business and Technology Library

  • Mirpurl-2, 1216.
  • Phone:
  • Fax:
  • E-Mail: admin.library@bubt.edu.bd

Contact to the Library

Contact Person:

Md. Abdul Hakim Shah
Joint Librarian
PABX No:  113
Cell No: 01816332931
E-mail: official: admin.library@bubt.edu.bd
Personal: hakim.shah@bubt.edu.bd


BUBT Library

Copyright © 2021